| 000 | 01393nam a22003617a 4500 | ||
|---|---|---|---|
| 003 | CHAP | ||
| 005 | 20220329143326.0 | ||
| 008 | 080812s2008 mx a r 00010 spa d | ||
| 010 | _a94998 | ||
| 011 | _a95970 | ||
| 035 | _a106606 | ||
| 040 | _cCHAP | ||
| 090 | _aTesis | ||
| 100 | 1 |
_aVillágomez Hernández, Julio. _9119810 |
|
| 245 | 1 | 0 |
_aPrevalencia de acidosis ruminal subaguda en ganado lechero Holstein Friesian en 66 establos de la Comarca Lagunera, México _c/por Julio Villágomez Hernández |
| 260 |
_aBermejillo, Dgo. : _bEl autor, _c2008 |
||
| 300 |
_avii, 42 h. : _bcuadros |
||
| 502 | _aTesis (Ing. Agr. en Sistemas Pecuarios de Zonas Áridas) -- UACH. Unidad Regional Universitaria de Zonas Áridas | ||
| 590 |
_aALEPH _b10 _c20130110 _lUCH01 _h1523 |
||
| 590 |
_aBATCH-UPD _b10 _c20130110 _lUCH01 _h0731 |
||
| 590 |
_aBATCH-UPD _b10 _c20130410 _lUCH01 _h0414 |
||
| 590 |
_aBATCH-UPD _b10 _c20130914 _lUCH01 _h1012 |
||
| 590 |
_aCONVERSION _b10 _c20130109 _lUCH01 _h1353 |
||
| 650 | 1 | 4 |
_aComarca Lagunera _xGanado lechero. _925532 |
| 650 | 1 | 4 |
_aEstablos. _938184 |
| 650 | 1 | 4 |
_aGanado Holstein - Friesian. _945148 |
| 650 | 1 | 4 |
_aGanado lechero. _945237 |
| 650 | 1 | 4 |
_aRumen. _9100837 |
| 901 | _aBK | ||
| 942 | _cFOLL | ||
| 949 |
_aTesis _bBC _cTES _d33724002066215 _eTS2 _fc.2 _gDonaciØn _h47744 _i106606 _sb |
||
| 949 |
_aTesis _bBC _cTES _d33724002066256 _eTS1 _gDonaciØn _h47743 _i106606 _sb |
||
| 999 |
_c94998 _d94998 |
||